[Event "Tourn. n9658"]
[Site "www.chess-mail.com"]
[Date "2018.01.07"]
[Round "1"]
[White "Greghghs"]
[Black "Coolant"]
[WhiteElo "2610"]
[BlackElo "2360"]
[Result "1-0"]
[Round "1"]
1.d4 Ng8f6
2.c4 e6
3.Nb1c3 Bf8b4
4.e3 c5
5.Ng1e2 d6
6.a3 Bb4a5
7.g3 O-O
8.Bf1g2 Qd8c7
9.O-O cxd4
10.Nc3b5 Qc7xc4
11.Ne2xd4 e5
12.b3 Qc4c5
13.b4 Ba5xb4
14.axb4 Qc5b6
15.Qd1c2 Bc8d7
16.Nb5c7 Nb8a6
17.Ra1xa6 { resign }
1-0

[Event "Tourn. n9608"]
[Site "www.chess-mail.com"]
[Date "2018.01.07"]
[Round "1"]
[White "Ssharp"]
[Black "Apdash"]
[WhiteElo "2240"]
[BlackElo "2260"]
[Result "1-0"]
[Round "1"]
1.e4 e5
2.Ng1f3 Nb8c6
3.Bf1c4 Ng8f6
4.Nf3g5 d5
5.exd5 Nf6xd5
6.Ng5xf7 Kxf7
7.Qd1f3 Ke6
8.Nb1c3 Nc6b4
9.a3 Nb4xc2
10.Kd1 c6
11.Kxc2 Bf8c5
12.Rh1e1 Bc5d4
13.Bc4xd5 cxd5
14.Nc3b5 Qd8b6
15.Nb5xd4 Qb6xd4
16.Qf3e2 Kd6
17.d3 Bc8f5
18.Bc1e3 Qd4c4
19.Kd2 Qc4b3
20.Be3d4 e4
21.Ra1c1 Qb3xd3
22.Qe2xd3 exd3
23.Bd4xg7 Rh8e8
24.Re1xe8 Ra8xe8
25.Rc1e1 Re8c8
26.Bg7c3 Rc8c4
27.b3 Rc4e4
28.f3 Re4h4
29.h3 d4
30.Bc3b4 Kd5
31.Bb4f8 Bf5g6
32.Bf8g7 Rh4f4
33.Bg7e5 Rf4f7
34.f4 h5
35.Re1c1 b5
36.b4 Bg6e4
37.g4 hxg4
38.hxg4 Rf7d7
39.Rc1c5 Ke6
40.Rc5xb5 Rd7h7
41.f5 Kf7
42.Rb5a5 Rh7h3
43.Ra5xa7 Ke8
44.f6 Be4g6
45.Ra7g7 Bg6e4
46.Rg7e7 Kf8
47.Be5d6 { resign }
1-0

[Event "Match"]
[Site "www.echecsemail.com"]
[Date "2018.01.07"]
[Round "1"]
[White "Rosario"]
[Black "Bjonil60"]
[WhiteElo "1499"]
[BlackElo "1470"]
[Result "0-1"]
[Round "1"]
1.e4 e5
2.Ng1f3 Nb8c6
3.Bf1b5 a6
4.Bb5xc6 dxc6
5.h3 Qd8e7
6.O-O Ng8f6
7.Nb1c3 Bc8d7
8.a3 O-O-O
9.d3 g6
10.Bc1g5 h6
11.Bg5xf6 Qe7xf6
12.Qd1d2 b6
13.Rf1e1 g5
14.b4 b5
 { time }
0-1

[Event "Match"]
[Site "www.echecsemail.com"]
[Date "2018.01.07"]
[Round "1"]
[White "Aperturaf"]
[Black "Gidi5"]
[WhiteElo "2650"]
[BlackElo "2340"]
[Result "1-0"]
[Round "1"]
1.e4 e6
2.d4 d5
3.Bf1d3 dxe4
4.Bd3xe4 Ng8f6
5.Be4f3 Bf8e7
6.Ng1e2 O-O
7.Nb1c3 c6
8.Bc1f4 Nb8d7
9.O-O Nd7b6
10.Rf1e1 Nb6d5
11.Bf4e5 Nf6d7
12.Be5g3 Nd7f6
13.h3 Be7d6
14.Qd1d3 Bd6xg3
15.Ne2xg3 Nd5f4
16.Qd3d2 Nf4g6
17.Ra1d1 Ng6h4
18.Bf3e2 Nf6d5
19.Nc3e4 Qd8c7
20.Ng3h5 f5
21.Ne4g5 f4
22.c4 Qc7e7
23.Ng5f3 Nd5c7
24.Nh5xf4 Nh4xf3
25.Be2xf3 Qe7g5
26.g3 Qg5h6
27.Re1e5 Rf8f5
28.Re5xf5 exf5
29.d5 cxd5
30.Bf3xd5 Nc7xd5
31.Qd2xd5 { resign }
1-0

[Event "Match"]
[Site "www.echecsemail.com"]
[Date "2018.01.07"]
[Round "1"]
[White "Bjonil60"]
[Black "Pariolinius"]
[WhiteElo "1470"]
[BlackElo "1670"]
[Result "0-1"]
[Round "1"]
1.e4 c6
2.d3 e5
3.Qd1e2 Ng8f6
4.Nb1c3 d5
5.exd5 cxd5
6.Qe2xe5 Bf8e7
7.Ng1f3 Nb8c6
8.Bc1d2 Nc6xe5
9.Nf3xe5 O-O
10.O-O-O d4
11.Nc3e4 Nf6xe4
12.dxe4 Be7f6
13.f4 Bc8e6
14.Ne5d3 Ra8c8
15.Bd2b4 Rf8e8
16.e5 Bf6e7
17.a3 Be7xb4
18.c3 Bb4a5
19.b4 Rc8xc3
20.Kd2 Ba5b6
21.a4 Qd8c8
22.Ke1 Qc8c6
23.b5 Qc6e4
24.Bf1e2 Be6g4
25.Nd3c1 Rc3xc1
26.Rd1xc1 Qe4xe2

0-1

[Event "1/128 Finale"]
[Site "www.chess-mail.com"]
[Date "2018.01.07"]
[Round "1"]
[White "Izastar"]
[Black "Begory"]
[WhiteElo "1249"]
[BlackElo "1560"]
[Result "1-0"]
[Round "1"]
1.c4 e5
2.g3 Ng8f6
3.Bf1g2 Bf8c5
4.e3 O-O
5.Ng1e2 e4
6.Nb1c3 Rf8e8
7.Qd1c2 Bc5b4
8.Nc3xe4 Nf6xe4
9.Bg2xe4 Nb8c6
10.Be4xh7 Kf8
11.Bh7e4 Qd8f6
12.O-O Bb4a3
13.bxa3 Qf6xa1
14.Bc1b2 Qa1xa2
15.Bb2xg7 { resign }
1-0

[Event "Fast Game"]
[Site "www.echecsemail.com"]
[Date "2018.01.07"]
[Round "1"]
[White "Danquigley"]
[Black "Apdash"]
[WhiteElo "2189"]
[BlackElo "2080"]
[Result "0-1"]
[Round "1"]
1.d4 Ng8f6
2.c4 d6
3.Ng1f3 g6
4.Nb1c3 Bf8g7
5.g3 Bc8g4
6.Bf1g2 c6
7.h3 Bg4f5
8.O-O { time. }
0-1

[Event "Tourn. n9585"]
[Site "www.chess-mail.com"]
[Date "2018.01.08"]
[Round "1"]
[White "Yakke"]
[Black "Passaroa25"]
[WhiteElo "1790"]
[BlackElo "1670"]
[Result "1-0"]
[Round "1"]
1.e4 c6
2.d4 d6
3.Nb1c3 e6
4.Ng1f3 f6
5.Nf3h4 Ng8e7
6.Qd1h5 g6
7.Qh5f3 Bf8g7
8.g3 Qd8c7
9.Bf1e2 Nb8d7
10.e5 O-O
11.Bc1f4 Ne7d5
12.Nc3xd5 cxd5
13.O-O Qc7xc2
14.b4 Qc2c6
15.Qf3g4 dxe5
16.dxe5 fxe5
17.Bf4e3 b6
18.Nh4f3 e4
19.Nf3g5 Bg7xa1
20.Rf1xa1 Nd7f6
21.Qg4h4 Qc6c2
22.Be2f1 Qc2c3
23.Ra1c1 Qc3xb4
24.Rc1d1 h5
25.Ng5h3 Nf6g4
26.Qh4g5 Kh7
27.Nh3f4 Rf8f6
28.Bf1h3 Qb4f8
29.Rd1c1 Ng4e5
30.Rc1c7 Bc8d7
31.Qg5xe5 Qf8e7
32.Nf4xd5 Rf6f5
33.Bh3xf5 gxf5
34.Nd5xe7 Bd7c8
35.Ne7xc8 Kg6
36.Qe5g7 
1-0

[Event "Tourn. n9690"]
[Site "www.chess-mail.com"]
[Date "2018.01.08"]
[Round "1"]
[White "Bojan"]
[Black "Falcoale"]
[WhiteElo "1980"]
[BlackElo "1920"]
[Result "1-0"]
[Round "1"]
1.e4 c5
2.c3 Nb8c6
3.Ng1f3 e6
4.Qd1a4 Ng8f6
5.e5 Nf6d5
6.d3 Nd5b6
7.Qa4d1 d5
8.a4 Qd8c7
9.Bc1f4 Bf8e7
10.g3 O-O
11.a5 Nb6d7
12.d4 cxd4
13.cxd4 b6
14.axb6 Qc7xb6
15.Qd1d2 a5
16.Bf1e2 Be7b4
17.Nb1c3 f6
18.exf6 Nd7xf6
19.O-O Nf6e4
20.Qd2e3 Bc8a6
21.Nc3xe4 Ba6xe2
22.Qe3xe2 dxe4
23.Qe2xe4 Ra8d8
24.Qe4xe6 Kh8
25.Bf4e3 Rf8xf3
26.d5 Bb4c5
27.Be3xc5 Qb6xc5
28.Ra1c1 Qc5f8
29.dxc6 Rd8e8
30.Qe6a2 Re8e2
31.Qa2xa5 Rf3xf2
32.Qa5h5 Re2xb2
33.Qh5h3 g6
34.c7 Rf2xf1
35.Qh3xf1 Qf8c8
36.Qf1f6 { resign }
1-0

[Event "Tourn. n9677"]
[Site "www.chess-mail.com"]
[Date "2018.01.08"]
[Round "1"]
[White "Drawlward"]
[Black "Apdash"]
[WhiteElo "2520"]
[BlackElo "2250"]
[Result "1-0"]
[Round "1"]
1.e4 e5
2.Ng1f3 Nb8c6
3.Bf1b5 Ng8e7
4.O-O d6
5.d4 exd4
6.Nf3xd4 Bc8d7
7.Nb1c3 a6
8.Nc3d5 Nc6xd4
9.Bb5xd7 Qd8xd7
10.Qd1xd4 Ne7c6
11.Qd4c3 O-O-O
12.b4 Nc6e7
13.Nd5b6 { resign }
1-0

[Event "Tourn. n9656"]
[Site "www.chess-mail.com"]
[Date "2018.01.08"]
[Round "1"]
[White "Hansen"]
[Black "Pariolinius"]
[WhiteElo "1530"]
[BlackElo "1670"]
[Result "0-1"]
[Round "1"]
1.d4 d5
2.c3 Ng8f6
3.f3 Bc8f5
4.Nb1a3 e6
5.Na3c2 Nb8c6
6.Nc2e3 Bf5g6
7.g4 h6
8.b4 a6
9.Ng1h3 Bf8d6
10.Bf1g2 Qd8e7
11.Qd1b3 O-O
12.c4 dxc4
13.Qb3xc4 Bd6xb4
14.Kf1 Rf8d8
15.g5 hxg5
16.Nh3xg5 Nf6d5
17.Ne3g4 Nc6a5
18.Qc4c2 Bg6xc2
19.Ng4e5 f6
20.Ne5g6 Bc2xg6
21.e4 Nd5f4
22.Ng5h3 Nf4xg2
23.Kxg2 Rd8xd4
24.Ra1b1 Ra8d8
25.Nh3f4 Bg6h7
26.Bc1e3 Rd4c4
27.h4 Rc4c2
28.Kg3 Rc2xa2
29.Nf4h5 Bb4d6
30.f4 Bh7xe4
31.Rh1e1 Ra2g2
32.Kh3 Qe7f7
33.Nh5g3 Qf7g6
34.h5 Qg6xg3
{ resign }
0-1

[Event "Tourn. n9606"]
[Site "www.chess-mail.com"]
[Date "2018.01.08"]
[Round "1"]
[White "Sorim"]
[Black "Estonia"]
[WhiteElo "2070"]
[BlackElo "1980"]
[Result "1-0"]
[Round "1"]
1.d4 Ng8f6
2.Ng1f3 d5
3.Bc1f4 e6
4.e3 Bf8d6
5.Nf3e5 Bd6xe5
6.Bf4xe5 Nb8d7
7.Be5g3 c5
8.c3 b6
9.Nb1d2 Bc8b7
10.Bf1b5 O-O
11.O-O a6
12.Bb5a4 Ra8c8
13.Ra1c1 b5
14.Ba4c2 cxd4
15.exd4 Qd8b6
16.Nd2f3 Nf6h5
17.Qd1d3 g6
18.Nf3e5 Nd7xe5
19.Bg3xe5 f6
20.Be5g3 Nh5xg3
21.fxg3 a5
22.Qd3e3 Kg7
23.Rf1f4 e5
24.Rf4h4 h5
25.g4 Rc8e8
26.gxh5 g5
27.h6 Kh8
28.Rh4h3 exd4
29.Qe3xd4 Qb6xd4
30.cxd4 Re8e2
31.Rh3c3 b4
32.Rc3c7 Rf8b8
33.Bc2g6 Bb7a6
34.Rc7h7 Kg8
35.Rc1c7 Re2xb2
36.Rc7g7 Kf8
37.Rh7h8 { resign }
1-0

[Event "Tourn. n9658"]
[Site "www.chess-mail.com"]
[Date "2018.01.08"]
[Round "1"]
[White "Rons"]
[Black "Greghghs"]
[WhiteElo "2710"]
[BlackElo "2610"]
[Result "1/2-1/2"]
[Round "1"]
1.e4 c6
2.d4 d5
3.e5 Bc8f5
4.Ng1f3 e6
5.Bf1e2 c5
6.Bc1e3 Qd8b6
7.Nb1c3 Qb6xb2
8.Qd1b1 Qb2xb1
9.Ra1xb1 c4
10.Rb1xb7 Nb8c6
11.Nc3b5 Nc6d8
12.Rb7c7 Ra8b8
13.Nb5xa7 Bf5xc2
14.O-O Bf8a3
15.Na7c8 Ng8e7
16.Nc8d6 Kf8
17.Be3g5 Nd8c6
18.Be2xc4 dxc4
19.Nd6xc4 Bc2d3
20.Nc4xa3 Bd3xf1
21.Bg5xe7 Nc6xe7
22.Kxf1 h6
23.Rc7a7 Ne7c8
24.Ra7c7 Nc8e7
25.Rc7a7 Ne7c8
{ draw }
1/2-1/2

[Event "Tourn. n9686"]
[Site "www.chess-mail.com"]
[Date "2018.01.08"]
[Round "1"]
[White "Fantomas"]
[Black "Apdash"]
[WhiteElo "2210"]
[BlackElo "2240"]
[Result "1-0"]
[Round "1"]
1.e4 e5
2.Ng1f3 Nb8c6
3.d4 exd4
4.Nf3xd4 Bf8e7
5.Nd4xc6 bxc6
6.Bf1d3 d5
7.exd5 Qd8d6
8.dxc6 Qd6xc6
9.Nb1c3 Ng8f6
10.Bd3b5 Bc8b7
11.Bb5xc6 Bb7xc6
12.O-O O-O
13.Qd1d4 Be7d6
14.Bc1f4 Rf8d8
15.Rf1e1 Ra8b8
16.Bf4xd6 Rd8xd6
17.Qd4xa7 Rb8c8
18.Ra1d1 Rc8a8
19.Qa7xc7 Rd6xd1
20.Re1xd1 Bc6e8
21.Rd1d8 Ra8xd8
22.Qc7xd8 Kf8
23.Nc3d5 Nf6xd5
24.Qd8xd5 { resign }
1-0

[Event "Match"]
[Site "www.echecsemail.com"]
[Date "2018.01.08"]
[Round "1"]
[White "Rosario"]
[Black "Dussek"]
[WhiteElo "1499"]
[BlackElo "1890"]
[Result "0-1"]
[Round "1"]
1.e4 e5
2.Ng1f3 Nb8c6
3.Bf1c4 Bf8e7
4.a3 Ng8f6
5.Nb1c3 O-O
6.O-O d6
7.h3 a6
8.Bc4d5 Nc6a7
9.d3 c6
10.Bd5c4 b5
11.Bc4b3 Bc8b7
12.d4 exd4
13.Nf3xd4 Bb7c8
14.a4 b4
15.Nc3a2 a5
16.Rf1e1 Qd8c7
 { time }
0-1

[Event "Match"]
[Site "www.echecsemail.com"]
[Date "2018.01.08"]
[Round "1"]
[White "Ssharp"]
[Black "Bojan"]
[WhiteElo "2300"]
[BlackElo "1960"]
[Result "1-0"]
[Round "1"]
1.e4 e5
2.f4 exf4
3.Ng1f3 Nb8c6
4.Bf1c4 f6
5.O-O Nc6a5
6.Bc4xg8 Rh8xg8
7.d4 d6
8.Bc1xf4 Bc8g4
9.Nb1d2 Qd8d7
10.d5 g5
11.Bf4g3 b6
12.b4 Na5b7
13.c4 c5
14.dxc6 Qd7xc6
15.Qd1b3 Rg8g7
16.Nf3d4 Qc6d7
17.Rf1xf6 Qd7e7
18.Ra1f1 O-O-O
19.Nd4c6 Qe7e8
20.Nc6xd8 Bf8e7
21.Nd8xb7 Kxb7
22.Rf6f2 Bg4e6
23.Qb3c3 Rg7g6
24.Kh1 h5
25.Qc3d3 Rg6g8
26.Bg3xd6 { resign }
1-0

[Event "Match"]
[Site "www.echecsemail.com"]
[Date "2018.01.08"]
[Round "1"]
[White "Ditto"]
[Black "Juodivarnai"]
[WhiteElo "1960"]
[BlackElo "1980"]
[Result "1-0"]
[Round "1"]
1.e4 c5
2.Nb1c3 Nb8c6
3.Bf1b5 Nc6d4
4.Bb5c4 e6
5.d3 g6
6.Ng1f3 Bf8g7
7.O-O Ng8e7
8.e5 O-O
9.Rf1e1  { time }
1-0

[Event "Match"]
[Site "www.echecsemail.com"]
[Date "2018.01.08"]
[Round "1"]
[White "Apdash"]
[Black "Micheles"]
[WhiteElo "2250"]
[BlackElo "2560"]
[Result "0-1"]
[Round "1"]
1.f4 d5
2.Ng1f3 Ng8f6
3.d3 c5
4.e3 Nb8c6
5.Bf1e2 e6
6.c3 Bf8e7
7.O-O O-O
8.Nb1d2 b5
9.Nf3e5 Bc8b7
10.d4 a6
11.Nd2f3 Nf6e4
12.Nf3d2 Ra8c8
13.Nd2xe4 dxe4
14.a4 b4
15.Kh1 cxd4
16.exd4 Nc6xe5
17.fxe5 bxc3
18.bxc3 Rc8xc3
19.Bc1b2 Rc3c8
20.Qd1d2 Qd8d5
21.Rf1g1 Qd5b3
22.Rg1b1 Be7b4
23.Qd2d1 Qb3xd1
24.Be2xd1 a5
25.Bb2a3 Bb4xa3
26.Ra1xa3 Bb7a6
27.Bd1g4 Ba6d3
28.Rb1e1 Rf8d8
29.Bg4e2 Bd3xe2
{ resign }
0-1

[Event "1/128 Finale"]
[Site "www.chess-mail.com"]
[Date "2018.01.08"]
[Round "1"]
[White "Sociopath"]
[Black "Attatroll"]
[WhiteElo "1809"]
[BlackElo "1950"]
[Result "1-0"]
[Round "1"]
1.e4 d6
2.d4 Ng8f6
3.Nb1c3 g6
4.Ng1f3 Bf8g7
5.Bf1e2 O-O
6.O-O Nb8c6
7.d5 Nc6b8
8.h3 Nf6h5
9.Rf1e1 Nb8d7
10.Bc1g5 Nh5f6
11.Qd1d2 c6
12.Bg5h6 cxd5
13.exd5 Nd7c5
14.Bh6xg7 Kxg7
15.a4 Bc8f5
16.g4 Bf5d7
17.b4 Nc5e4
18.Nc3xe4 Nf6xe4
19.Qd2d4 Ne4f6
20.g5 e5
21.dxe6 Bd7xe6
22.h4 a5
23.Ra1b1 Qd8c8
24.gxf6 Kg8
25.Qd4f4 Be6h3
26.Nf3g5 Bh3f5
27.Ng5e4 Qc8xc2
28.Qf4h6 { resign }
1-0

[Event "Tourn. n9635"]
[Site "www.chess-mail.com"]
[Date "2018.01.09"]
[Round "1"]
[White "Attatroll"]
[Black "Dussek"]
[WhiteElo "1970"]
[BlackElo "1880"]
[Result "1-0"]
[Round "1"]
1.d4 d5
2.c4 Nb8c6
3.Ng1f3 Bc8f5
4.Nb1c3 Ng8f6
5.Bc1g5 e6
6.cxd5 exd5
7.Bg5xf6 Qd8xf6
8.Nc3xd5 Qf6d6
9.Nd5c3 Bf8e7
10.e3 O-O
11.Bf1d3 Bf5xd3
12.Qd1xd3 Ra8d8
13.O-O Nc6b4
14.Qd3f5 h6
15.Nc3e4 Qd6b6
16.Nf3e5 Nb4d5
17.b3 Nd5f6
18.Ne4xf6 Qb6xf6
19.Qf5xf6 Be7xf6
20.Rf1c1 c6
21.Ne5g4 Bf6e7
22.Rc1c4 f5
23.Ng4e5 Be7d6
24.Ne5f3 g5
25.Ra1c1 Rf8e8
26.Nf3d2 g4
27.Nd2f1 Re8f8
28.Nf1g3 Bd6xg3
29.hxg3 Kg7
30.Rc4c5 Kf6
31.Rc5e5 Rf8e8
32.Rc1c5 Re8xe5
33.Rc5xe5 Rd8d5
34.Re5xd5 cxd5
35.Kf1 b5
36.Ke2 a5
37.Kd3 Ke6
38.a3 h5
39.f3 b4
40.axb4 axb4
41.e4 f4
42.fxg4 f3
43.gxf3 { resign }
1-0

[Event "Tourn. n9681"]
[Site "www.chess-mail.com"]
[Date "2018.01.09"]
[Round "1"]
[White "Falcoale"]
[Black "Libiesse"]
[WhiteElo "1890"]
[BlackElo "1840"]
[Result "0-1"]
[Round "1"]
1.e4 c5
2.Ng1f3 e6
3.d4 cxd4
4.Nf3xd4 Ng8f6
5.Nb1c3 Nb8c6
6.a3 Bf8e7
7.Bf1c4 a6
8.O-O b5
9.Nd4xc6 dxc6
10.Bc4a2 Bc8b7
11.Qd1e2 O-O
12.Bc1f4 Qd8c8
13.Bf4g5 Rf8d8
14.e5 Nf6d5
15.Bg5xe7 Nd5xe7
16.Nc3e4 Ne7f5
17.f4 Qc8c7
18.c3 Qc7b6
19.Kh1 c5
20.b4 Bb7xe4
21.Qe2xe4 c4
22.Rf1e1 Rd8d5
23.Qe4e2 Ra8d8
24.a4 Rd5d2
25.Qe2f1 Rd2f2
26.Qf1g1 Rd8d2
27.axb5 Rf2xg2
28.Qg1xg2 Rd2xg2
29.Kxg2 Qb6b7
30.Kf2 axb5
31.Ra1d1 Qb7a7
32.Kg2 Qa7xa2
33.Kh1 g6
34.Rd1a1 Qa2f2
35.Re1f1 Qf2d2
36.Ra1c1 Nf5e3
{ resign }
0-1

[Event "Tourn. n9548"]
[Site "www.chess-mail.com"]
[Date "2018.01.09"]
[Round "1"]
[White "Falcoale"]
[Black "Fabos12"]
[WhiteElo "2010"]
[BlackElo "1990"]
[Result "1-0"]
[Round "1"]
1.e4 e6
2.d4 d5
3.e5 c5
4.c3 Qd8c7
5.Ng1f3 cxd4
6.cxd4 Bf8b4
7.Bc1d2 Bb4xd2
8.Qd1xd2 Ng8e7
9.Nb1c3 a6
10.Ra1c1 Nb8c6
11.Nc3a4 O-O
12.Bf1e2 Qc7a5
13.Qd2xa5 Nc6xa5
14.O-O Ne7g6
15.Na4b6 Ra8b8
16.b3 Ng6f4
17.Rf1e1 Nf4xe2
18.Re1xe2 Rf8d8
19.Nb6xc8 Rb8xc8
20.Re2c2 Rc8c6
21.Rc2xc6 bxc6
22.Nf3d2 Rd8c8
23.Nd2f3 Na5b7
24.b4 a5
25.b5 c5
26.a4 c4
27.Nf3e1 f6
28.Ne1f3 Kf7
29.Rc1c3 Nb7d8
30.g3 g5
31.Kg2 Kg6
32.exf6 Nd8f7
33.Nf3d2 Nf7d6
34.Nd2f3 Nd6e4
35.Rc3c2 c3
36.Nf3e5 Kxf6
37.Ne5d7 Ke7
38.Nd7e5 Ne4d6
39.Ne5c6 Kf7
{ time. }
1-0

[Event "Tourn. n9643"]
[Site "www.chess-mail.com"]
[Date "2018.01.09"]
[Round "1"]
[White "Vios"]
[Black "Aperturaf"]
[WhiteElo "2290"]
[BlackElo "2630"]
[Result "1/2-1/2"]
[Round "1"]
1.d4 e6
2.e4 d5
3.Nb1c3 Ng8f6
4.e5 Nf6d7
5.f4 c5
6.Ng1f3 Nb8c6
7.Bc1e3 cxd4
8.Nf3xd4 Bf8c5
9.Qd1d2 O-O
10.O-O-O a6
11.Nd4b3 Bc5b4
12.a3 Bb4e7
13.h4 b5
14.h5 h6
15.g4 Ra8b8
16.Kb1 { draw }
1/2-1/2

[Event "Tourn. n9643"]
[Site "www.chess-mail.com"]
[Date "2018.01.09"]
[Round "1"]
[White "Szustan"]
[Black "Aperturaf"]
[WhiteElo "2530"]
[BlackElo "2630"]
[Result "1/2-1/2"]
[Round "1"]
1.e4 e6
2.d4 d5
3.Nb1c3 Ng8f6
4.e5 Nf6d7
5.f4 c5
6.Ng1f3 Nb8c6
7.Bc1e3 a6
8.Qd1d2 b5
9.dxc5 Bf8xc5
10.Be3xc5 Nd7xc5
11.Qd2f2 Qd8b6
12.Bf1d3 b4
13.Nc3e2 a5
14.O-O Bc8a6
15.Ra1d1 Nc5a4
16.Qf2xb6 Na4xb6
17.b3 Ke7
18.Bd3xa6 Ra8xa6
19.c3 a4
20.Rd1c1 Rh8c8
21.cxb4 Nc6xb4
22.Rc1xc8 Nb6xc8
23.Rf1c1 Nc8b6
24.Nf3d4 g5
25.g3 Nb4xa2
26.Rc1c7 Ke8
27.bxa4 Nb6c4
28.Rc7c8 { draw }
1/2-1/2

[Event "Match"]
[Site "www.echecsemail.com"]
[Date "2018.01.09"]
[Round "1"]
[White "Sagara1977"]
[Black "Azulmarino"]
[WhiteElo "1570"]
[BlackElo "1630"]
[Result "0-1"]
[Round "1"]
1.e4 e5
2.Qd1f3 Nb8c6
3.Nb1c3 Ng8f6
4.Nc3d5 Nf6xd5
5.Bf1c4 Nd5f6
6.d3 Nc6d4
7.Qf3d1 Bf8c5
8.c3 Nd4c6
9.Qd1f3 d6
10.g4 Bc8xg4
11.Qf3g3 g6
12.h3 Bg4e6
13.Bc1g5 h6
14.Bg5xf6 Qd8xf6
15.Ng1f3 Be6xc4
16.dxc4 O-O-O
17.b4 Nc6xb4
18.cxb4 Bc5xb4
19.Nf3d2 Qf6e6
20.Qg3b3 a5
21.a3 Bb4c5
22.O-O-O b6
23.f3 Bc5d4
24.Qb3d3 Qe6d7
25.f4 Kb7
26.h4 c5
27.h5 exf4
28.hxg6 fxg6
29.e5 dxe5
30.Qd3xg6 Qd7a4
31.Rh1h3 Bd4e3
32.Qg6g7 Ka6
33.Qg7xe5 Qa4xa3
34.Kb1 Rd8xd2
35.Rd1xd2 Qa3b4
36.Rd2b2 Be3d4
37.Rb2xb4 Bd4xe5
38.Rb4b3 a4
39.Rb3b5 Be5g7
40.Rh3a3 Kb7
41.Ra3xa4 f3
42.Ra4a2 Bg7d4
43.Kc2 f2
44.Ra2a1 Bd4xa1
{ resign }
0-1

[Event "Match"]
[Site "www.echecsemail.com"]
[Date "2018.01.09"]
[Round "1"]
[White "Apdash"]
[Black "Paco"]
[WhiteElo "2310"]
[BlackElo "1970"]
[Result "1-0"]
[Round "1"]
1.e4 e5
2.Ng1f3 Nb8c6
3.d4 exd4
4.Nf3xd4 Qd8f6
5.Nd4xc6 dxc6
6.Bf1c4 Bf8c5
7.Qd1e2 Ng8h6
8.Nb1c3 Nh6g4
9.Bc1e3 Bc5b4
10.Be3d2 b5
11.Bc4b3 a5
12.a3 Bb4c5
13.Bd2e3 Bc5xe3
14.fxe3 a4
15.Rh1f1 Qf6h4
16.g3 Qh4xh2
17.Bb3xf7 Kd8
18.O-O-O Bc8d7
19.Qe2xh2 Ng4xh2
20.Rf1h1 Nh2g4
21.Bf7e6 Ng4f6
22.e5 Nf6d5
23.Nc3xd5 cxd5
24.Rd1xd5 Kc8
25.Be6xd7 Kb7
26.Rd5xb5 Ka6
27.Rh1h4 c6
28.Bd7xc6 { resign }
1-0

[Event "Match"]
[Site "www.echecsemail.com"]
[Date "2018.01.09"]
[Round "1"]
[White "Fangshuo"]
[Black "Lcbunghai"]
[WhiteElo "2040"]
[BlackElo "2020"]
[Result "1/2-1/2"]
[Round "1"]
1.e4 Ng8f6
2.Nb1c3 e5
3.Ng1f3 Nb8c6
4.Bf1c4 Bf8c5
5.d3 h6
6.Bc1e3 Bc5xe3
7.fxe3 O-O
8.O-O a6
9.d4 exd4
10.exd4 d6
11.d5 Nc6e5
12.Nf3xe5 dxe5
13.Bc4d3 Bc8d7
14.Nc3e2 Nf6g4
15.Rf1f3 Qd8h4
16.h3 Ng4f6
17.Ne2g3 Nf6h7
18.Ng3f5 Bd7xf5
19.Rf3xf5 Qh4e7
20.Qd1e1 f6
21.h4 Rf8d8
22.c4 Nh7f8
23.Qe1g3 Nf8d7
24.b3 { draw }
1/2-1/2

[Event "Match"]
[Site "www.echecsemail.com"]
[Date "2018.01.09"]
[Round "1"]
[White "Begory"]
[Black "Rosario"]
[WhiteElo "1580"]
[BlackElo "1499"]
[Result "1-0"]
[Round "1"]
1.d4 d5
2.Bc1f4 Ng8f6
3.Nb1c3 Nb8c6
4.Nc3b5 e5
5.dxe5 Nf6e4
6.e6 Bf8b4
7.c3  { time }
1-0

[Event "1/128 Finale"]
[Site "www.chess-mail.com"]
[Date "2018.01.09"]
[Round "1"]
[White "Rosario"]
[Black "Hennie4820"]
[WhiteElo "1499"]
[BlackElo "2070"]
[Result "0-1"]
[Round "1"]
1.e4 c5
2.Ng1f3 e6
3.d4 cxd4
4.Nf3xd4 Ng8f6
5.Nb1c3 Qd8b6
6.Nc3b5 a6
7.Nb5c3 Bf8c5
8.Bc1e3 Nb8c6
9.Nc3a4 Qb6a5
10.Na4c3 Nf6xe4
11.Nd4e2 Bc5xe3
12.fxe3 Ne4xc3
13.bxc3 O-O
14.Ne2f4 Qa5xc3
15.Ke2 d5
16.a3 d4
 { time }
0-1

[Event "Fast Game"]
[Site "www.echecsemail.com"]
[Date "2018.01.09"]
[Round "1"]
[White "Apdash"]
[Black "Claudia"]
[WhiteElo "2080"]
[BlackElo "1960"]
[Result "0-1"]
[Round "1"]
1.d4 Ng8f6
2.c4 g6
3.Nb1c3 Bf8g7
4.e4 d6
5.Bf1e2 O-O
6.Ng1f3 e5
7.dxe5 dxe5
8.Qd1c2 Nb8d7
9.Bc1g5 c6
10.Ra1d1 Qd8e7
11.O-O h6
12.Bg5h4 Rf8e8
13.a3 a5
14.Rd1b1 Nd7f8
15.b4 axb4
16.axb4 g5
17.Bh4g3 Nf8g6
18.c5 Ng6f4
19.Be2c4 Nf6h5
20.Rf1d1 Bc8e6
21.Bc4f1 Re8d8
22.Nc3a4 Bg7f6
23.Na4b6 Ra8b8
24.Bg3xf4 Nh5xf4
25.Nb6c4 Be6xc4
26.Qc2xc4 Rb8a8
27.Rd1xd8 Qe7xd8
28.g3 Nf4e6
29.Bf1h3 Ne6c7
30.Bh3f5 Nc7b5
31.Bf5g6 Qd8d7
32.Kg2 Kg7
33.Bg6f5 Qd7d8
34.Rb1b2 Qd8c7
35.Rb2d2 Ra8d8
36.Qc4c1 Nb5d4
37.Bf5g4 Nd4b3
38.Qc1e1 Nb3xd2
39.Nf3xd2 Rd8d4
40.Nd2b3 Rd4d3
41.Nb3a5 b6
42.Na5c4 bxc5
43.bxc5 Bf6e7
44.h4 Be7xc5
45.hxg5 hxg5
46.Qe1h1 Rd3d8
47.Qh1c1 f6
48.Nc4d2 Qc7a7
49.Nd2f3 Qa7a3
50.Nf3xg5 Qa3xc1
{ resign }
0-1

[Event "Fast Game"]
[Site "www.echecsemail.com"]
[Date "2018.01.09"]
[Round "1"]
[White "Apdash"]
[Black "Gvladutz"]
[WhiteElo "2080"]
[BlackElo "2149"]
[Result "0-1"]
[Round "1"]
1.d4 d5
2.Ng1f3 Ng8f6
3.c4 dxc4
4.Nb1c3 c6
5.a4 Bc8f5
6.e4 Nf6xe4
7.Bf1xc4 e6
8.Qd1e2 Ne4xc3
9.bxc3 Bf8d6
10.O-O Nb8d7
11.Bc1a3 Bd6xa3
12.Ra1xa3 O-O
13.a5 Nd7f6
14.Nf3h4 Bf5e4
15.Rf1d1 b5
16.axb6 axb6
17.Rd1a1 Ra8xa3
18.Ra1xa3 b5
19.Bc4d3 b4
20.cxb4 Qd8xd4
21.Bd3xe4 Nf6xe4
22.Qe2e1 Ne4d2
23.Nh4f3 Qd4xb4
24.Ra3e3 Nd2xf3
25.gxf3 Qb4b6
26.Re3e4 c5
27.Qe1c1 Rf8d8
28.Re4g4 Rd8d5
29.Qc1h6 g6
30.h4 Rd5d1
31.Kh2 Qb6b1
32.Rg4g2 Rd1h1
33.Kg3 Qb1b8
34.f4 Qb8b3
35.f3 Qb3e3
36.Rg2a2 Qe3e1
{ resign }
0-1

[Event "Tourn. n9581"]
[Site "www.chess-mail.com"]
[Date "2018.01.10"]
[Round "1"]
[White "Wegaman"]
[Black "Vios"]
[WhiteElo "2060"]
[BlackElo "2120"]
[Result "0-1"]
[Round "1"]
1.d4 d5
2.c4 e6
3.Nb1c3 Ng8f6
4.Bc1g5 Bf8b4
5.e3 O-O
6.Ng1f3 c6
7.Bf1e2 dxc4
8.Be2xc4 b5
9.Bc4e2 Bc8b7
10.O-O Nb8d7
11.a3 Bb4d6
12.Rf1e1 a6
13.e4 e5
14.d5 cxd5
15.exd5 h6
16.Bg5h4 Qd8b8
17.b4 e4
18.Nf3d4 Bd6xh2
19.Kh1 Bh2e5
20.Nd4f5 Be5xc3
21.Nf5e7 Kh8
22.Bh4g3 Qb8d8
23.d6 e3
24.fxe3 Nf6e4
25.Kh2 Ne4xg3
26.Kxg3 Nd7f6
27.Qd1d3 Nf6e4
28.Kh2 Bc3e5
{ resign }
0-1

[Event "Tourn. n9652"]
[Site "www.chess-mail.com"]
[Date "2018.01.10"]
[Round "1"]
[White "Apdash"]
[Black "Piekki"]
[WhiteElo "2230"]
[BlackElo "2130"]
[Result "1-0"]
[Round "1"]
1.d4 Ng8f6
2.c4 e6
3.Ng1f3 c5
4.e3 b6
5.Bf1d3 Bf8e7
6.Nb1c3 Bc8b7
7.O-O O-O
8.Qd1e2 d6
9.b3 Nb8d7
10.Bc1b2 a6
11.Ra1d1 Qd8c7
12.dxc5 bxc5
13.Nf3e1 Nd7e5
14.Bd3b1 d5
15.f4 Ne5g4
16.h3 d4
17.exd4 cxd4
18.hxg4 dxc3
19.Bb2xc3 Ra8d8
20.g5 Rd8xd1
21.Qe2xd1 Nf6e4
22.Bc3e5 Qc7b6
23.Kh2 Rf8d8
24.Qd1h5 g6
25.Qh5h6 Be7f8
26.Qh6h4 Ne4d2
27.Rf1h1 Bf8g7
28.Be5f6 Bg7xf6
29.gxf6 h5
30.Qh4g5 Kh7
31.Qg5xh5 { resign }
1-0

[Event "Tourn. n9673"]
[Site "www.chess-mail.com"]
[Date "2018.01.10"]
[Round "1"]
[White "Apdash"]
[Black "Aniruddhadg"]
[WhiteElo "2330"]
[BlackElo "2259"]
[Result "0-1"]
[Round "1"]
1.d4 Ng8f6
2.c4 g6
3.Nb1c3 d5
4.Ng1f3 Bf8g7
5.e3 O-O
6.cxd5 Nf6xd5
7.Bf1e2 c5
8.Qd1b3 Nd5b6
9.dxc5 Nb6d7
10.Nc3a4 Nb8a6
11.Be2xa6 Qd8a5
12.Bc1d2 Qa5xa6
13.Nf3d4 Nd7e5
14.Qb3b5 Qa6xb5
15.Nd4xb5 Bc8d7
16.Nb5c3 Ne5c4
17.Ra1b1 b5
18.c6 Bd7xc6
19.Na4c5 Rf8d8
20.Bd2c1 Bg7xc3
21.bxc3 Bc6xg2
22.Rh1g1 Bg2f3
23.Bc1b2 Nc4xb2
24.Rg1g3 Nb2c4
{ resign }
0-1

[Event "Tourn. n9668"]
[Site "www.chess-mail.com"]
[Date "2018.01.10"]
[Round "1"]
[White "Sahlapalat"]
[Black "Geretree"]
[WhiteElo "2060"]
[BlackElo "1960"]
[Result "1-0"]
[Round "1"]
1.d4 d5
2.c4 Nb8c6
3.cxd5 Qd8xd5
4.e3 Ng8f6
5.Nb1c3 Qd5a5
6.Ng1f3 Nf6e4
7.Bc1d2  { time }
1-0

[Event "Tourn. n9622"]
[Site "www.chess-mail.com"]
[Date "2018.01.10"]
[Round "1"]
[White "Sahlapalat"]
[Black "Cal"]
[WhiteElo "1499"]
[BlackElo "1700"]
[Result "1-0"]
[Round "1"]
1.c4 e5
2.Nb1c3 Ng8f6
3.Ng1f3 c6
4.Nf3xe5 d6
5.Ne5f3 Bc8f5
6.d3 h6
7.g3 Bf8e7
8.Bf1g2 O-O
9.O-O a6
10.a4 Nb8d7
11.b4 b6
12.Nf3h4 Nd7e5
13.Nh4xf5 Qd8d7
14.e4 Ra8d8
15.f4 Ne5g6
16.Bc1e3 Nf6h7
17.Be3xb6 Rd8b8
18.a5 Be7f6
19.d4 Rf8e8
20.e5 Qd7xf5
21.exf6 Nh7xf6
22.Bg2xc6 Re8e3
23.Nc3d5 Nf6xd5
24.Bc6xd5 Rb8e8
25.Bd5f3 Re3d3
26.Qd1b1 Re8e3
27.d5 Re3e7
28.g4 Qf5xf4
29.Qb1xd3 Re7e3
30.Bb6xe3 Qf4e5
31.Ra1e1 Ng6h4
32.Bf3h1 Nh4g6
33.c5 Ng6h4
34.Be3f4 Qe5b2
35.Re1e8 { resign }
1-0